000 00648nam a2200217 a 4500
001 BRCA_7079
005 20190321142928.0
008 081211s1922----gw-#######---#000-0#ger-#
041 _ager
044 _agw
050 4 _b.H45 1922
100 1 _aHellberg, E.
_917597
245 1 0 _aTelepathie Okkulte kräfte
_bein buch für uneingeweihte
_cE. Hellberg ; berechtigte übersetzung aus dem schwedischen von rhea sternberg
260 _aAlemania
_bAntropos-Verlag Prien (OBB)
_c1922
300 _a234 p.
_c20 cm.
440 0 _aAntropos verlag
_v4-9
_917598
500 _aO63
650 1 4 _aCiencias ocultas
_917599
902 _aGFM
942 _2lcc
_cB
999 _c6760
_d6760